| 000 | 00854nam0a22002411 4500 | ||
|---|---|---|---|
| 001 | rc\705843 | ||
| 005 | 20260406122741.0 | ||
| 035 | _a(NLR Aleph) 005941316 | ||
| 090 |
_a6682078 _c6682078 |
||
| 100 | _a20031121d1985 |||y0rusy50 ca | ||
| 101 | 0 | _arus | |
| 102 | _aRU | ||
| 105 | _aa ||||||||| | ||
| 200 | 1 |
_aПлавунчик _eРассказы _e[Для мл. шк. возраста] _fВиталий Бианки _g[Худож. Ю.В. Леу, С.Г. Букур] |
|
| 210 |
_aКишинев _cЛит. артистикэ _d1985 |
||
| 215 |
_a47 с. _cил. _d22 |
||
| 225 | 1 | _aЧитаем по-русски | |
| 700 | 1 |
_4070 _8rus _7ca _aБианки _bВ. В. _f1894-1959 _gВиталий Валентинович _3RU\NLR\AUTH\77759 _9110799 |
|
| 801 | 0 |
_aRU _bNLR _gpsbo |
|
| 801 | 1 |
_aRU _bELAR _2rusmarc |
|
| 852 |
_aNLR _j85-6/4249 |
||
| 942 | _cBOOK | ||
| 980 | _aNB | ||